Αξίες φοιτητών : [πτυχιακή εργασία]
Αποθηκεύτηκε σε:
| Κύριος συγγραφέας: | |
|---|---|
| Συγγραφή απο Οργανισμό/Αρχή: | |
| Άλλοι συγγραφείς: | |
| Μορφή: | Thesis Βιβλίο |
| Γλώσσα: | Greek |
| Δημοσίευση: |
2012
|
| Θέματα: | |
| Διαθέσιμο Online: | http://hdl.handle.net/11610/7745 |
| Ετικέτες: |
Προσθήκη ετικέτας
Δεν υπάρχουν, Καταχωρήστε ετικέτα πρώτοι!
|
MARC
| LEADER | 00000cam a2200000 i 4500 | ||
|---|---|---|---|
| 001 | 1/35489 | ||
| 008 | 130826s2012 gre d | ||
| 035 | |l 10115466 | ||
| 040 | |a GR-MY-UA |b gre |e aacr | ||
| 041 | 0 | |a gre | |
| 082 | 0 | |a 306.4 |2 (22) | |
| 100 | 1 | |a Πανταζοπούλου, Βενετία. | |
| 245 | 1 | 0 | |a Αξίες φοιτητών : |b [πτυχιακή εργασία] / |c επιμέλεια: Πανταζοπούλου Βενετία ; επιβλέπων καθηγητής: Γιαβρίμης Παναγιώτης |
| 260 | |c 2012 | ||
| 300 | |a 196 σ.; |c 30 εκ. | ||
| 500 | |a Βιβλιογραφία: σ. 192-196 | ||
| 502 | # | # | |a Πτυχιακή εργασία – Πανεπιστήμιο Αιγαίου, Λέσβος, 2012. |
| 650 | 0 | 0 | |a Students |x Attitudes. |
| 650 | 0 | 0 | |a Students |x Conduct of life. |
| 650 | 0 | 0 | |a College students |z Greece |x Surveys. |
| 650 | 0 | 0 | |a College students |z Greece |x Attitudes. |
| 650 | 0 | 0 | |a Youth |x Conduct of life |z Greece. |
| 650 | 0 | 0 | |a Youth |x Attitudes. |
| 650 | 0 | 0 | |a Values in adolescence. |
| 650 | 0 | 0 | |a Dissertations, Academic |z Greece. |
| 700 | 1 | |4 ths |a Γιαβρίμης, Παναγιώτης. | |
| 710 | 2 | |a Πανεπιστήμιο Αιγαίου |b Σχολή Κοινωνικών Επιστημών |b Τμήμα Κοινωνιολογίας. | |
| 852 | |a INST |b LESVOS |c DIATR |e 20130826 |h 445 |p 005100053112 |q 005100053112 |t DIE |y 23 | ||
| 852 | |a INST |b LESVOS |c DIATR |e 20130826 |h 446 |p 005100053114 |q 005100053114 |t DIE |y 23 | ||
| 856 | |u http://hdl.handle.net/11610/7745 | ||
| 901 | |a BIBL1-2013-2 | ||
| 909 | |a Λ |b 182045 | ||
| 909 | |a Λ |b 182046 | ||
| 924 | |a ΠΑΝΤΑΖΟΠΟΥΛΟΥ |b ΒΕΝΕΤΙΑ |y ΛΕΣΒΟΣ |z 2012-06 | ||
| 970 | |a ΤΖΑΦΕΡΗ |b ΕΥΑΓΓΕΛΙΑ |z 2013/08/30 | ||